Normal view
MARC view
- Hart, B.H.L
Entry Personal Name
001 - CONTROL NUMBER
- control field: 8966
003 - CONTROL NUMBER IDENTIFIER
- control field: NUST
005 - DATE AND TIME OF LATEST TRANSACTION
- control field: 20180118185040.0
008 - FIXED-LENGTH DATA ELEMENTS
- fixed length control field: 180118|| aca||aabn | a|a d
040 ## - CATALOGING SOURCE
- Original cataloging agency: NUST
- Transcribing agency: NUST
100 ## - HEADING--PERSONAL NAME
- Personal name: Hart, B.H.L
670 ## - SOURCE DATA FOUND
- Source citation: Work cat.: (NUST)243370: Hart, B.H.L, The Rommel papers
